000 005420000a22001810004500
003 MACL
005 20160423120839.0
008 160423b xxu||||| |||| 00| 0 eng d
040 _aMACL
_cMACL
041 _aHindi
082 _a800 ASH
100 _aअश्‍क उपेन्‍द्र नाथ
_941793
245 _aचेहरे : अनेक
260 _aइलाहाबाद
_bउपासना प्रकाशन
_c2012
350 _a175
650 _aरचनावली
_9163
942 _cHIN
_k800/ASH
_2ddc
999 _c47507
_d47507